Football Ultras - Statistics

General Stats
  • This quiz has been taken 92 times
  • The average score is 5 of 10
Answer Stats
Hint Answer % Correct
Curva Sud Milano AC Milan
94%
Green Brigade Celtic
70%
Gate 7 Olympiacos
63%
Ultras Sur Real Madrid
47%
Gate 13 Panathinaikos
44%
Union Bears Rangers
43%
Red Army Manchester United
36%
Headhunters Chelsea
27%
Bushwackers Milwall
19%
Block 7 Hibernian
9%
No matching quizzes found
Score Distribution
Percent of People with Each Score
Percentile by Number Answered
Your Score History
You have not taken this quiz